000 00558nam a2200193Ia 4500
005 20250508162000.0
008 008 250505s9999 xx 000 0 eng d
020 _a0-333-233354-9
037 _aTextual
040 _aFEDL
_beng
_cFEDL
041 _aeng
_2eng
084 _a420.7, WAT
_qFEDL
100 _aWatson George
245 0 _aDiscipline of English: A guide to critical theory and practice
260 _aLondon, UK
_bThe Macmillan Press Limited
_c1978
300 _a125p
942 _cTEXL
_h420.7, WAT
999 _c1373644
_d1373644